<?xml version="1.0" encoding="UTF-8"?><?xml-stylesheet type="text/xsl" href="static/style.xsl"?><OAI-PMH xmlns="http://www.openarchives.org/OAI/2.0/" xmlns:xsi="http://www.w3.org/2001/XMLSchema-instance" xsi:schemaLocation="http://www.openarchives.org/OAI/2.0/ http://www.openarchives.org/OAI/2.0/OAI-PMH.xsd"><responseDate>2026-04-17T03:17:22Z</responseDate><request verb="GetRecord" identifier="oai:www.recercat.cat:10256/28338" metadataPrefix="marc">https://recercat.cat/oai/request</request><GetRecord><record><header><identifier>oai:recercat.cat:10256/28338</identifier><datestamp>2026-03-03T03:19:00Z</datestamp><setSpec>com_2072_452992</setSpec><setSpec>com_2072_2054</setSpec><setSpec>col_2072_453152</setSpec></header><metadata><record xmlns="http://www.loc.gov/MARC21/slim" xmlns:dcterms="http://purl.org/dc/terms/" xmlns:xsi="http://www.w3.org/2001/XMLSchema-instance" xmlns:doc="http://www.lyncode.com/xoai" xsi:schemaLocation="http://www.loc.gov/MARC21/slim http://www.loc.gov/standards/marcxml/schema/MARC21slim.xsd">
   <leader>00925njm 22002777a 4500</leader>
   <datafield ind2=" " ind1=" " tag="042">
      <subfield code="a">dc</subfield>
   </datafield>
   <datafield ind2=" " ind1=" " tag="720">
      <subfield code="a">Varela-Rodríguez, M. Elisa</subfield>
      <subfield code="e">author</subfield>
   </datafield>
   <datafield ind2=" " ind1=" " tag="260">
      <subfield code="c">2024</subfield>
   </datafield>
   <datafield ind2=" " ind1=" " tag="520">
      <subfield code="a">Capítol difòs amb autorització no exclusiva de comunicació pública del titular dels drets, Universitat de Palerm (2026-03-02)</subfield>
   </datafield>
   <datafield ind2=" " ind1=" " tag="520">
      <subfield code="a">En el Archivo de la Corona de Aragón encontramos las fuentes&#xd;
que son la base en las que se sustenta este primer esbozo sobre la&#xd;
destacada figura que fue Teresa d'Entença, que al morir de&#xd;
parto (el 28 de octubre), como era frecuente durante la Edad Media, de su hijo Sanç, cinco días antes de la muerte de su suegro Jaume II&#xd;
(2 de noviembre de 1327) no llegó a ser reina, pero, fue madre de rey,&#xd;
del futuro Pere III el Cerimoniós</subfield>
   </datafield>
   <datafield ind1="8" ind2=" " tag="024">
      <subfield code="a">https://hdl.handle.net/10256/28338</subfield>
   </datafield>
   <datafield tag="653" ind2=" " ind1=" ">
      <subfield code="a">Corona Catalanoaragonesa -- Història -- S. XIV -- Fonts</subfield>
   </datafield>
   <datafield tag="653" ind2=" " ind1=" ">
      <subfield code="a">Crown of Aragon -- History -- 14th century --  Sources</subfield>
   </datafield>
   <datafield ind2="0" ind1="0" tag="245">
      <subfield code="a">Teresa d'Entença, esbozar la figura de la infanta y gran señora de la Corona catalano-aragonesa, que no llegó a reinar (1301-1327)</subfield>
   </datafield>
</record></metadata></record></GetRecord></OAI-PMH>